[Event "BCF-ch U180"]
[Site "Aberystwyth"]
[Date "2014.07.25"]
[Round "5"]
[White "Pride, Stephen C"]
[Black "Boumphrey, Luke S"]
[Result "0-1"]
[WhiteElo "149"]
[BlackElo "172"]
[PlyCount "65"]
[EventDate "2014.07.21"]
[EventType "swiss"]
[EventRounds "5"]
[EventCountry "WLS"]
[SourceTitle "EXT 2017"]
[Source "ChessBase"]
[SourceDate "2016.10.25"]
[SourceVersion "1"]
[SourceVersionDate "2016.10.25"]
[SourceQuality "1"]

1. b3 e5 2. Bb2 Nc6 3. e3 Nf6 4. Nf3 d6 5. d4 e4 6. Nfd2 g6 7. c4 Bg7 8. d5 Ne5 9. Bxe5 dxe5 10. Nc3 Ng4 11. Be2 Qh4 12. g3 Qh3 13. Ncxe4 Bf5 14. Bf1 Qh6 15. Qe2 0-0-0 16. Bg2 Bd7 17. h3 Nf6 18. Nxf6 Bxf6 19. 0-0-0 Be7 20. Nb1 f5 21. Rd2 Rhe8 22. Rhd1 f4 23. g4 fxe3 24. fxe3 Bc5 25. Rd3 e4 26. Rc3 Qg7 27. Rc2 Qe5 28. a3 Qg3 29. Re1 h5 30. b4 Be7 31. gxh5 gxh5 32. Bxe4 Bh4 33. Rd1 0-1

[Event "BCF-chT3 1213 (4NCL)"]
[Site "England"]
[Date "2013.05.05"]
[Round "10.196"]
[White "Boumphrey, Luke S"]
[Black "Bucknell, Malcolm Gordon"]
[Result "1-0"]
[WhiteElo "1971"]
[BlackElo "1939"]
[PlyCount "103"]
[EventDate "2012.11.03"]
[EventType "team-swiss"]
[EventRounds "11"]
[EventCountry "ENG"]
[SourceTitle "EXT 2014"]
[Source "ChessBase"]
[SourceDate "2013.11.20"]
[SourceVersion "1"]
[SourceVersionDate "2013.11.20"]
[SourceQuality "1"]
[WhiteTeam "Atticus"]
[BlackTeam "Anglian Avengers III"]
[WhiteTeamCountry "ENG"]
[BlackTeamCountry "ENG"]

1. e4 c6 2. d4 d5 3. Nd2 dxe4 4. Nxe4 Bf5 5. Ng3 Bg6 6. N1e2 e6 7. Nf4 Nf6 8. h4 Nbd7 9. h5 Bf5 10. Nxf5 Qa5+ 11. Bd2 Qxf5 12. Bd3 Qg4 13. Be2 Qf5 14. Bd3 Qg4 15. f3 Qg3+ 16. Kf1 Nd5 17. Rh3 Qxf4 18. Bxf4 Nxf4 19. Rh4 Nd5 20. Qd2 Be7 21. Rg4 g6 22. Rg3 0-0-0 23. a3 Bd6 24. Rh3 Nf4 25. Rh4 Nxh5 26. b4 Bg3 27. Rh3 Kb8 28. b5 c5 29. dxc5 Nxc5 30. Qb4 Bd6 31. Qc3 Rc8 32. b6 a6 33. Qa5 Nf4 34. Rh4 Nfxd3 35. cxd3 Nb3 36. Qe1 Nxa1 37. Qxa1 Be7 38. Re4 Bd6 39. Qg7 Rhf8 40. a4 h5 41. a5 h4 42. Rxh4 Bg3 43. Rc4 Rcd8 44. f4 e5 45. Qxe5+ Ka8 46. Qe3 Bh4 47. g3 Rfe8 48. Qf3 Be7 49. Rc7 Rb8 50. Qe4 Bd6 51. Rxb7 Rxe4 52. Ra7# 1-0

[Event "Chester e2e4 op-A"]
[Site "Chester"]
[Date "2013.01.19"]
[Round "2"]
[White "Boumphrey, Luke S"]
[Black "Capuzzo, Marcos"]
[Result "0-1"]
[WhiteElo "1997"]
[BlackElo "2224"]
[PlyCount "54"]
[EventDate "2013.01.18"]
[EventType "swiss"]
[EventRounds "5"]
[EventCountry "ENG"]
[SourceTitle "CBM 152 Extra"]
[Source "ChessBase"]
[SourceDate "2013.02.25"]
[SourceVersion "1"]
[SourceVersionDate "2013.02.25"]
[SourceQuality "1"]

1. e4 d5 2. exd5 Nf6 3. Bb5+ Bd7 4. Bc4 b5 5. Bb3 a5 6. a3 Bg4 7. f3 Bc8 8. Nc3 Ba6 9. d3 Nbd7 10. Nge2 Nb6 11. Nf4 g5 12. Nh3 h6 13. 0-0 Nbxd5 14. Nxd5 Nxd5 15. f4 g4 16. Qxg4 Bb7 17. Qh5 e6 18. Re1 Bc5+ 19. Kf1 Qd7 20. c4 Nf6 21. Qxc5 Qxd3+ 22. Kg1 Qxb3 23. Qe5 Rg8 24. Ng5 0-0-0 25. Qxf6 hxg5 26. fxg5 Rd1 27. Bf4 Qc2 0-1